[Event "Auckland Waitangi op"]
[Site "Auckland"]
[Date "2023.02.05"]
[Round "4"]
[White "Ha, Huy Minh"]
[Black "Gilmore, Blake"]
[Result "1/2-1/2"]
[WhiteElo "1643"]
[BlackElo "1536"]
[PlyCount "116"]
[EventDate "2023.02.03"]
[EventType "swiss"]
[EventRounds "6"]
[EventCountry "NZL"]
[SourceTitle "EXT 2024"]
[Source "ChessBase"]
[SourceDate "2023.10.10"]
[SourceVersion "1"]
[SourceVersionDate "2023.10.10"]
[SourceQuality "1"]

1. c4 Nf6 2. g3 g6 3. Bg2 Bg7 4. Nf3 0-0 5. 0-0 d6 6. Nc3 e5 7. d3 Nh5 8. e4 Nc6 9. Bg5 f6 10. Be3 f5 11. Bg5 Nf6 12. Nd5 fxe4 13. dxe4 h6 14. Nxf6+ Bxf6 15. Bxh6 Rf7 16. Qd2 Bg4 17. Ng5 Bxg5 18. Bxg5 Qd7 19. Be3 Raf8 20. f4 Bh3 21. b3 Qg4 22. Bxh3 Qxh3 23. Qg2 Qxg2+ 24. Kxg2 exf4 25. Bxf4 Re8 26. Rae1 Rfe7 27. Bh6 Rxe4 28. Rf8+ Rxf8 29. Rxe4 Rf7 30. Bd2 Re7 31. Rxe7 Nxe7 32. g4 Kf7 33. h4 d5 34. cxd5 Nxd5 35. h5 gxh5 36. gxh5 c5 37. Kf3 b5 38. Ke4 Nf6+ 39. Ke5 Nxh5 40. Kd5 c4 41. bxc4 bxc4 42. Kxc4 Ke7 43. Kb5 Kd7 44. Ka6 Nf6 45. Kxa7 Kc6 46. a4 Ne4 47. Be3 Nc3 48. a5 Kb5 49. a6 Kc6 50. Bg1 Nb5+ 51. Kb8 Kd7 52. Kb7 Nd6+ 53. Kb8 Nb5 54. Kb7 Nd6+ 55. Kb6 Nc8+ 56. Ka5 Kc6 57. Bh2 Na7 58. Bg1 Nc8 1/2-1/2

[Event "NZL-ch op-B 130th"]
[Site "Wellington"]
[Date "2023.01.10"]
[Round "9"]
[White "Gilmore, Blake"]
[Black "Familton, Gregory"]
[Result "1-0"]
[WhiteElo "1725"]
[BlackElo "1864"]
[PlyCount "77"]
[EventDate "2023.01.02"]
[EventType "swiss"]
[EventRounds "9"]
[EventCountry "NZL"]
[SourceTitle "CBM 212 Extra"]
[Source "ChessBase"]
[SourceDate "2023.03.31"]
[SourceVersion "1"]
[SourceVersionDate "2023.03.31"]
[SourceQuality "1"]

1. Nf3 d5 2. g3 c5 3. Bg2 Nc6 4. d3 e5 5. 0-0 Be7 6. Nbd2 Be6 7. e4 d4 8. Nc4 Qc7 9. a4 h5 10. h4 f6 11. b3 0-0-0 12. Bd2 Nh6 13. a5 Rdg8 14. Qc1 Nf7 15. c3 g5 16. cxd4 gxh4 17. Nxh4 Nxd4 18. Qd1 f5 19. Nxf5 Nxf5 20. exf5 Bxf5 21. Bd5 Rg7 22. Bc3 Bf6 23. Qf3 Nh6 24. Bxb7+ Kb8 25. a6 Qe7 26. Ra5 e4 27. Qf4+ Qc7 28. Qxc7+ Rxc7 29. Bxf6 Rhh7 30. dxe4 Ng4 31. exf5 Nxf6 32. Re1 Rh8 33. Re5 h4 34. gxh4 Rxh4 35. Raxc5 Rh8 36. Rxc7 Kxc7 37. Re6 Nh5 38. Rc6+ Kd7 39. Ne5+ 1-0

[Event "NZL-ch op-B 130th"]
[Site "Wellington"]
[Date "2023.01.09"]
[Round "8"]
[White "Burns, Guy"]
[Black "Gilmore, Blake"]
[Result "1/2-1/2"]
[WhiteElo "1783"]
[BlackElo "1725"]
[PlyCount "105"]
[EventDate "2023.01.02"]
[EventType "swiss"]
[EventRounds "9"]
[EventCountry "NZL"]
[SourceTitle "CBM 212 Extra"]
[Source "ChessBase"]
[SourceDate "2023.03.31"]
[SourceVersion "1"]
[SourceVersionDate "2023.03.31"]
[SourceQuality "1"]

1. d4 Nf6 2. c4 g6 3. Nc3 Bg7 4. e4 d6 5. Nf3 0-0 6. Bd3 Nbd7 7. 0-0 e5 8. d5 Nc5 9. b4 Nxd3 10. Qxd3 h6 11. h3 Nh7 12. Nh2 f5 13. f4 fxe4 14. Nxe4 exf4 15. Rb1 Ng5 16. Rb3 Nxe4 17. Qxe4 g5 18. Bb2 Bf5 19. Qf3 Be5 20. Bxe5 dxe5 21. Ng4 Bxg4 22. Qxg4 Qc8 23. Qxc8 Raxc8 24. Re1 Rfe8 25. Re4 Kf7 26. g4 fxg3 27. Rbe3 Kf6 28. Kg2 h5 29. Rxg3 Kf5 30. Rge3 Rcd8 31. Kf3 Rd6 32. b5 c6 33. Rd3 cxd5 34. cxd5 Red8 35. Ra4 Rxd5 36. Rxd5 Rxd5 37. Rxa7 Rxb5 38. Ra8 g4+ 39. hxg4+ hxg4+ 40. Ke3 Rb6 41. Rb8 Ra6 42. Rxb7 Ra3+ 43. Kf2 Rxa2+ 44. Kg3 Ra3+ 45. Kg2 e4 46. Rf7+ Kg6 47. Rf4 e3 48. Rxg4+ Kf5 49. Rg8 Ke4 50. Re8+ Kd3 51. Kf3 Kd2 52. Re7 Ra6 53. Rd7+ 1/2-1/2

[Event "NZL-ch op-B 130th"]
[Site "Wellington"]
[Date "2023.01.05"]
[Round "4"]
[White "Paul, David"]
[Black "Gilmore, Blake"]
[Result "1-0"]
[WhiteElo "1803"]
[BlackElo "1725"]
[PlyCount "93"]
[EventDate "2023.01.02"]
[EventType "swiss"]
[EventRounds "9"]
[EventCountry "NZL"]
[SourceTitle "CBM 212 Extra"]
[Source "ChessBase"]
[SourceDate "2023.03.31"]
[SourceVersion "1"]
[SourceVersionDate "2023.03.31"]
[SourceQuality "1"]

1. c4 Nf6 2. g3 g6 3. Bg2 Bg7 4. Nc3 0-0 5. d4 d6 6. Nf3 Nbd7 7. 0-0 Re8 8. e4 e5 9. Re1 b6 10. h3 Bb7 11. d5 a5 12. a4 Nc5 13. Bg5 h6 14. Be3 Ncxe4 15. Nxe4 Nxe4 16. Bxb6 Nxg3 17. Bxa5 Rxa5 18. fxg3 Qd7 19. b4 Raa8 20. b5 Ra5 21. Ra3 Qd8 22. Kh2 Qf6 23. Nd4 Rea8 24. Rf1 Qe7 25. Re1 Qf6 26. Nc6 Bxc6 27. dxc6 Qf2 28. Re2 Qc5 29. Qb3 f5 30. Bd5+ Kh7 31. Raa2 g5 32. Qe3 Qxe3 33. Rxe3 Rxa4 34. Rxa4 Rxa4 35. b6 Ra2+ 36. Kh1 f4 37. Be4+ Kg8 38. Rb3 Ra1+ 39. Bb1 cxb6 40. c7 Ra8 41. Rxb6 Rc8 42. Rb8 Rxb8 43. cxb8Q+ Kf7 44. Qxd6 fxg3 45. Bg6+ Kg8 46. Qe6+ Kf8 47. Qe8# 1-0

[Event "NZL-ch U18 op"]
[Site "Wellington"]
[Date "2023.01.04"]
[Round "2"]
[White "Ng, Lok Jim Lauren"]
[Black "Gilmore, Blake"]
[Result "1/2-1/2"]
[WhiteElo "1417"]
[BlackElo "1725"]
[PlyCount "143"]
[EventDate "2023.01.02"]
[EventType "swiss"]
[EventRounds "7"]
[EventCountry "NZL"]
[SourceTitle "CBM 212 Extra"]
[Source "ChessBase"]
[SourceDate "2023.03.31"]
[SourceVersion "1"]
[SourceVersionDate "2023.03.31"]
[SourceQuality "1"]

1. d4 Nf6 2. c4 g6 3. Nc3 Bg7 4. e4 d6 5. f4 c5 6. d5 Qa5 7. Bd2 Qb6 8. Qc2 0-0 9. Nf3 Bg4 10. Be2 Bxf3 11. Bxf3 Nbd7 12. 0-0 Qd8 13. Rae1 Nb6 14. b3 Qd7 15. e5 Ne8 16. e6 fxe6 17. dxe6 Qc8 18. Nd5 Nxd5 19. Bxd5 Nc7 20. Bc3 Rb8 21. Bxg7 Kxg7 22. f5 Qe8 23. Qc3+ Rf6 24. fxg6 Qxg6 25. Rxf6 Qxf6 26. Qg3+ Qg6 27. Qc3+ Qf6 28. Qg3+ Qg6 29. Qxg6+ hxg6 30. Rf1 Rf8 31. Rxf8 Kxf8 32. g4 g5 33. Bxb7 Nxe6 34. Bc8 Nf4 35. Bf5 Kf7 36. Kf2 Kf6 37. Ke3 Ke5 38. Bc2 Ng2+ 39. Kf2 Nf4 40. Ke3 e6 41. Bb1 d5 42. cxd5 exd5 43. Bf5 c4 44. bxc4 dxc4 45. a3 a5 46. a4 Kd5 47. Kd2 Kd4 48. Kc2 Nd5 49. Be6 Nb6 50. h4 gxh4 51. g5 Nd5 52. g6 Ne7 53. g7 c3 54. Bh3 Kc4 55. Bg4 Kb4 56. Bd7 Kc4 57. Bg4 Kd4 58. Bh3 Ng8 59. Be6 Nf6 60. Bh3 Kc4 61. Bf5 Kb4 62. Be6 Kxa4 63. Kxc3 Ka3 64. g8Q Nxg8 65. Bxg8 h3 66. Bd5 h2 67. Be4 a4 68. Bf3 Ka2 69. Kc2 Ka1 70. Kc1 a3 71. Bg2 a2 72. Bh1 1/2-1/2